Movies Quiz

Random Movies or Box Office Quiz

Highest Grossing High School Comedies Quiz Stats

 Plays Quiz not verified by Sporcle

Score 0/20 Timer 10:00
1 Play Today
% Correct
Spider-Man: Homecoming (2017)
99.4%
21 Jump Street (2012)
91%
Mean Girls (2004)
90.3%
The Breakfast Club (1985)
89.1%
American Pie (1999)
85.1%
Ferris Bueller's Day Off (1986)
84.7%
Clueless (1995)
82.9%
Superbad (2007)
81.2%
Easy A (2010)
80%
Napoleon Dynamite (2004)
79.4%
% Correct
Bring It On (2000)
69.1%
Risky Business (1983)
68.4%
Never Been Kissed (1999)
53.4%
Porky's (1982)
52.5%
She's All That (1999)
42.2%
Encino Man (1992)
38.9%
American Graffiti (1973)
36.6%
John Tucker Must Die (2006)
31%
Project X (2012)
30.8%
Orange County (2002)
9.8%

You're not logged in!

Compare scores with friends on all Sporcle quizzes.
OR
Log In

Show Comments

Extras

Top Quizzes Today


Score Distribution

Your Account Isn't Verified!

In order to create a playlist on Sporcle, you need to verify the email address you used during registration. Go to your Sporcle Settings to finish the process.

Report this User

Report this user for behavior that violates our Community Guidelines.

Details: